[Event "SWE-chT2 0809"]
[Site "Sweden"]
[Date "2009.03.14"]
[Round "8"]
[White "Hallerod, Ralph"]
[Black "Ghazi Al Saadi, Ali"]
[Result "1-0"]
[WhiteElo "2082"]
[BlackElo "1965"]
[PlyCount "127"]
[EventDate "2008.10.25"]
[EventType "team-tourn"]
[EventRounds "9"]
[EventCountry "SWE"]
[SourceTitle "EXT 2011"]
[Source "ChessBase"]
[SourceDate "2010.11.26"]
[SourceVersion "1"]
[SourceVersionDate "2010.11.26"]
[SourceQuality "1"]

1. d4 Nf6 2. c4 c5 3. e3 g6 4. Nc3 cxd4 5. exd4 d5 6. Nf3 Bg7 7. Qb3 dxc4 8. Bxc4 0-0 9. Ne5 e6 10. Be3 Nc6 11. Nxc6 bxc6 12. 0-0 Qd6 13. Ne2 Nd5 14. Bxd5 cxd5 15. Bf4 Qa6 16. Rfe1 Bd7 17. Be5 Bxe5 18. dxe5 Rab8 19. Qc2 Rfc8 20. Qd2 Rc7 21. Nd4 Qb6 22. b3 Qb4 23. Qxb4 Rxb4 24. Red1 Kf8 25. Kf1 Ke7 26. Ke1 Kd8 27. a3 Rb8 28. Rac1 Rbc8 29. Rxc7 Rxc7 30. Kd2 Kc8 31. g4 h6 32. Re1 Kb7 33. Re3 Rc8 34. Rf3 Rf8 35. Rf6 Kc7 36. h4 Kd8 37. b4 Ke7 38. Nb3 Rh8 39. Nc5 Bc6 40. Kc3 h5 41. g5 Rc8 42. Kb3 Rd8 43. Rf4 d4 44. Kc4 Rd5 45. Rxd4 Rxe5 46. b5 Bd5+ 47. Kb4 f6 48. gxf6+ Ke8 49. Nd3 Rf5 50. f4 Rxf6 51. Ne5 Kd8 52. Kc5 Kc7 53. Ra4 Bb7 54. Rxa7 Rxf4 55. Nc4 Rf5+ 56. Kb4 Kb8 57. b6 g5 58. Nd6 Rf4+ 59. Kc5 Bd5 60. Rg7 Rf8 61. Rxg5 Bf3 62. a4 Rd8 63. a5 Be2 64. Rg7 1-0